000 00203 a2200097 4500
001 56043
100 _a
245 _aRed storm rising
260 _aUSA
_bCollins Clear Type
_c1990
090 _c34713
_d34713
942 _aNUST-CAE
_c
_c27462
999 _c291116
_d291116